| 000 | 01160nas a2200313 4500 | ||
|---|---|---|---|
| 001 | BR2011007633 | ||
| 003 | BR-BrBNA | ||
| 005 | 20231205115808.0 | ||
| 007 | ta | ||
| 008 | 230509b bl.|||p| |||| 00| 00por d | ||
| 040 |
_aBR-BrBNA _bpor _cBiblioteca Nacional de Agricultura |
||
| 041 | _a(Pt) | ||
| 072 | _aL72 | ||
| 100 | 1 | _aSantos, A.S. | |
| 100 | 1 | _aCarlos, R.S.A. | |
| 100 | 1 | _aSaid, R.A. | |
| 100 | 1 | _aAlbuquerque, G.R. | |
| 245 | 1 | _aAspectos epidemiológicos da infestação por Lynxacarus radovskyi em gatos domésticos nos municípios de Ilhéus e Itabuna, Bahia | |
| 246 | 1 | _aEpidemio-logic aspects of infestation of Lynxacarus radovskyi in cats from municipality of Ilhéus and Itabuna, Bahia | |
| 650 | _aGATO | ||
| 650 | _aÁCARO | ||
| 650 | _aEPIDEMIOLOGIA | ||
| 650 | _aINFESTAÇÃO | ||
| 650 | _aPRAGA DE ANIMAL | ||
| 773 | 0 |
_tRevista Brasileira de Medicina Veterinária (Brazil) _xISSN 0100-2430 _g(Apr-Jun 2011), v. 33(2) p. 115-119 _wBR2011007633 |
|
| 856 | 4 |
_uhttp://www.rbmv.com.br/pdf_artigos/03-10-2011_16-55RBMV009.pdf _yRecurso eletrônico (PDF) |
|
| 909 |
_a202311 _bLúcia _c55 _dLúcia Elande |
||
| 942 |
_2AGRIS _n0 _cANA |
||
| 999 |
_c215732 _d215732 |
||